000
00314nam a22001337a 4500
020
_a
0-446-67748-5
082
_a
100
_b
KIY/R
100
_a
KIYOSKI,ROBERT T
245
_a
RICH KID SMART KID
260
_a
NEWYORK
_b
WARNER BUSINESS BOOKS
300
_a
264
650
_a
PERSONALITY DEVELOPMENT
_z
NEW YORK
942
_c
BK
999
_c
5250
_d
5250